000 00441nam a2200169Ia 4500
008 230718s9999 xx 000 0 und d
041 _aeng
082 _a005.14'2
_bBLA
100 _aBlack R.
_9132354
245 _aManaging The Testing Process
260 _c1999
_bMicrosoft
300 _a380
_dRef 655 C (10733)
365 _cRs.
_b1787.55
500 _a655 C
700 _aBlack R.
_9132354
906 _dB:195109-Oct-1999
_cCOMP
_b268.13
999 _c299527
_d299527